000 01512nam a2200265Ia 4500
003 Ost
005 20260507075248.0
008 260507s9999||||xx |||||||||||||| ||und||
020 _a74373299579
040 _cfsecg
041 _aara
082 _a330
100 _aالتكريتي، اسماعيل يحي
_eمؤلف
245 0 _aأسس و مبادئ المحاسبة المالية :
_bالجزء الاول /
_c اسماعيل يحي التكريتي
260 _aعمان:
_bدار الحامد,
_c2010
300 _a308 صفحة؛
_bإيضاحات ؛
_c24 سم
504 _aالكتاب محكم تحكيما علميا و منهجيا ؛ مراجع ص.307
520 _aالتعريف بعلم المحاسبة ، تحليل العمليات المالية ، تسجيل العمليات المالية في المنشآت الخدمية ، التسويات الجردية و إكمال الدورة المحاسبية في المشاريع الخدمية ، المعالجة المحاسبية للعمليات في المشروعات التجارية ،جرد المصروفات و الايرادات في المنشآت التجارية ، المخزون السلعي / الجرد الدوري.
653 _aالمالية
653 _aالمحاسبة
653 _aالمحاسبة- المالية
700 _a التميمي، انتصار عبود مراد
_eمؤلف ثانوي
700 _aالطعمة،عبد الوهاب حبش
_eمؤلف ثانوي
942 _cكتاب
999 _c43674
_d43674